[Event "Bad Woerishofen op"]
[Site "Bad Woerishofen"]
[Date "2001.??.??"]
[Round "9"]
[White "Wawrinsky, Ludwig"]
[Black "Stierle, Martin"]
[Result "0-1"]
[WhiteElo "1755"]
[BlackElo "1945"]
[Annotator "ChessOrg"]
[PlyCount "132"]
[EventDate "1998.03.05"]
[Source "ChessBase"]
[SourceDate "1998.04.29"]

1. e4 {C00: Franzoesische Verteidigung (Seltene Zuege)} 1... e6 2. b3 d5 3. Bb2
dxe4 4. Nc3 Nf6 5. Qe2 5... Be7 {letzter Buchzug} 6. Nxe4 Nbd7 7. Nf3 Nxe4 8.
Qxe4 Nf6 9. Bb5+ $2 (9. Qc4 $11 $142) 9... c6 $19 10. Bxc6+ bxc6 11. Qxc6+ Bd7
12. Qa6 O-O (12... Qc7 13. c4 $17) 13. O-O Qc8 14. Qxc8 Raxc8 15. c4 Bc6 16.
Ne5 Ba8 17. d4 Rfd8 18. Rfd1 Nd7 19. Nd3 Bf6 20. f4 Nb6 21. Nf2 h5 22. Rac1 Rd7
23. Rd3 Rcd8 24. Rcd1 Nc8 25. h3 Ne7 26. g4 g6 (26... Ng6 27. g5 Be7 28. Bc1
$19) 27. Kf1 $17 27... Nc6 28. Ne4 Bxd4 (28... Be7 29. d5 Nb4 30. R3d2 exd5 31.
Nf6+ Bxf6 32. Bxf6 $17) 29. Ba3 (29. Nc5 $1 $11 $142) 29... Nb8 $19 30. Nd6 Bg7
(30... Rxd6 31. Bxd6 Rxd6 32. Rxd4 Rxd4 33. Rxd4 $14) 31. c5 (31. Ke2 31... Bf8
$19) 31... Bd5 32. gxh5 gxh5 33. Rg3 Kh7 34. Ke2 Bf6 35. Rdg1 (35. f5 35... Nc6
$19) 35... Nc6 36. Bc1 (36. Rc1 Nd4+ 37. Kf1 Be7 38. Nxf7 38... Rf8 $19) 36...
Nd4+ 37. Kf1 Nf3 38. R1g2 Nh4 39. Rc2 Rxd6 (39... Nf5 $5 $142 40. Nxf5 40...
Be4 $19) 40. cxd6 $17 40... Nf5 (40... Rxd6 $6 41. Rc7 e5 42. Rxa7 $11) 41. Rg1
Nxd6 42. Rc7 Rc8 43. Rxc8 Nxc8 44. Be3 a6 45. Ke2 Nd6 46. Bc5 Ne4 47. Bb4 Nc3+
48. Bxc3 Bxc3 49. Kd3 Bf6 50. Ke3 Bg7 51. Rg5 Kh6 52. Rg1 f6 53. Kd4 Bf3 54.
Ke3 Bb7 55. b4 Bf8 56. a3 a5 (56... Kh7 $5 57. h4 $19) 57. Rg8 axb4 58. Rxf8
bxa3 59. Rg8 a2 60. Rg1 Bd5 (60... h4 $5 $17) 61. h4 $15 61... Bb3 (61... e5 $5
$15) 62. Kd3 $11 62... e5 63. f5 (63. fxe5 fxe5 64. Kc3 64... Be6 $11) 63...
Bf7 (63... Bd5 $5 $15) 64. Kc3 Kh7 65. Kb2 Kh8 66. Rd1 Kh7 (66... Kh7 67. Rg1
67... Bc4 $11) 0-1

[Event "Bad Woerishofen op"]
[Site "?"]
[Date "2001.??.??"]
[Round "1"]
[White "Weber, Ludwig"]
[Black "Schaffarth, Peter"]
[Result "1/2-1/2"]
[WhiteElo "1630"]
[BlackElo "2141"]
[Annotator "ChessOrg"]
[PlyCount "91"]
[EventDate "2000.??.??"]

1. e4 {B01: Skandinavische Verteidigung} 1... d5 2. e5 Bf5 3. f4 {
letzter Buchzug} 3... c5 4. Nf3 e6 5. c3 Ne7 6. Bb5+ Nec6 7. d3 Be7 8. Ba4 O-O
9. Bc2 Nd7 10. Nbd2 Rc8 11. Nf1 f6 12. exf6 Bxf6 (12... gxf6 $143 13. Nh4 Bd6
14. Nxf5 exf5 15. Ng3 $16) (12... Rxf6 $6 13. Ne3 $11) (12... Nxf6 $6 13. Qe2
$11) 13. Ne3 d4 14. Nxf5 (14. cxd4 Nxd4 15. Bb3 15... Kh8 $11) 14... exf5 $15
15. c4 Re8+ 16. Kf2 a6 17. a3 Qc7 18. Re1 g6 19. Rxe8+ Rxe8 20. Qf1 Bg7 21. Bd2
Nf6 22. h3 Ne4+ (22... b5 23. Re1 $11) 23. dxe4 $11 23... fxe4 24. Re1 e3+ 25.
Bxe3 $4 (25. Kg1 $142 25... Qxf4 26. Bc1 $11) 25... dxe3+ $19 (25... Rxe3 $6
26. g3 $11) 26. Rxe3 26... Rxe3 $4 (26... Bd4 $142 27. Nxd4 Qxf4+ 28. Rf3 Qxd4+
29. Kg3 Qd6+ 30. Kh4 30... Nd4 $19) 27. Kxe3 $11 27... Bxb2 28. Qd3 Nd4 (28...
Bc1+ 29. Kf2 Qxf4 30. Qd5+ Kg7 31. Qxc5 $15) 29. Nxd4 Bxd4+ 30. Kf3 Qa5 31. a4
Qc7 32. Qe4 Qf7 33. Qe2 Qd7 34. Qd1 b5 35. Bb3 (35. cxb5 axb5 36. axb5 Qb7+ 37.
Be4 37... Qxb5 $11) 35... Kg7 (35... Qb7+ 36. Kg3 b4 37. Qd3 $17) 36. axb5 axb5
37. Qd3 b4 38. g4 Qe7 39. Qe4 Qxe4+ (39... Qh4 40. Qb7+ Kf8 41. Qa8+ Ke7 42.
Qb7+ Kd6 43. Qb6+ Kd7 44. Qb7+ Ke8 45. Qc6+ Kd8 46. Qa8+ Kc7 47. Qa7+ Kd8 48.
Qa8+ Ke7 49. Qb7+ Kf6 50. Qc6+ Kf7 51. Qd5+ Ke7 52. Qb7+ $11) 40. Kxe4 h6 41.
Bc2 Kf6 42. f5 gxf5+ 43. gxf5 Bg1 44. Kf4 Bh2+ 45. Ke4 Bg1 (45... Bg3 $5 $15)
46. Kf4 $11 1/2-1/2

[Event "Bad Woerishofen op"]
[Site "Bad Woerishofen"]
[Date "2001.??.??"]
[Round "3"]
[White "Weber, Ludwig"]
[Black "Spieker, Hans-Joachim"]
[Result "1-0"]
[WhiteElo "1630"]
[BlackElo "1846"]
[Annotator "ChessOrg"]
[PlyCount "131"]
[EventDate "1998.03.05"]
[Source "ChessBase"]
[SourceDate "1998.04.29"]

1. e4 {B20: Sizilianisch} 1... c5 2. Bc4 d6 3. Qe2 Nc6 4. c3 Nf6 5. Bb3 {
letzter Buchzug} 5... g6 6. d3 Bg7 7. Nd2 O-O 8. Nf1 b5 9. f4 Qb6 10. h3 e5 (
10... b4 11. Qd2 $11) 11. Nf3 a5 12. g4 a4 13. Bd1 exf4 14. Bxf4 d5 15. Ng3 (
15. e5 Nd7 16. Ne3 Ndxe5 17. Nxd5 17... Qd8 $17) 15... Re8 16. Nd2 (16. g5
16... Nd7 $15) 16... Bb7 17. Qg2 (17. Rb1 $5 $15) 17... dxe4 18. dxe4 (18.
Ndxe4 b4 19. Qc2 $17) 18... Ne5 (18... a3 $5 19. bxa3 19... Nd5 $19) 19. Bc2 (
19. Be2 Nd5 20. Bg5 20... Nc7 $15) 19... c4 (19... a3 20. Bxe5 axb2 21. Rb1
Rxe5 22. Rxb2 $15) 20. Qf2 (20. O-O-O a3 21. b3 Nd3+ 22. Bxd3 22... cxd3 $17)
20... Qxf2+ $17 21. Kxf2 a3 22. b3 Nd3+ (22... cxb3 23. axb3 Nfd7 24. Kg2 $17)
23. Bxd3 cxd3 24. Rad1 (24. Rae1 Rac8 25. c4 bxc4 26. bxc4 26... Nd7 $15) 24...
Rac8 (24... Bxe4 25. Rhe1 Bc6 26. Rxe8+ Rxe8 27. c4 $17) 25. c4 (25. g5 $5
25... Nh5 26. Nxh5 gxh5 27. c4 $15) 25... bxc4 $17 (25... Nxe4+ $6 26. Ndxe4
Bxe4 27. Nxe4 Rxe4 28. Kf3 Rxf4+ 29. Kxf4 bxc4 30. bxc4 Rxc4+ 31. Ke3 $15) 26.
Nxc4 $2 (26. bxc4 $5 $142 26... Nxe4+ 27. Ngxe4 Bxe4 28. Rhe1 $17) 26... Nxe4+
$19 27. Nxe4 Rxe4 (27... Bxe4 $6 28. Rhe1 Bf8 29. g5 $17) 28. Kg3 g5 (28...
Rexc4 $5 $142 29. bxc4 Bxh1 30. Rxh1 30... Rxc4 $19) 29. Bxg5 $17 29... Rexc4
30. bxc4 Bxh1 31. Rxh1 Rxc4 32. Rd1 h6 (32... Rc2 $5 $17 $142) 33. Be7 $11
33... Rd4 (33... Re4 34. Bc5 Re5 35. Bxa3 Re3+ 36. Kf4 Rxh3 37. Bc1 $11) 34.
Bxa3 $14 34... Rd7 35. Bb4 Ra7 (35... Bf8 $5 36. Bd2 36... Ra7 $14) 36. a3 $16
36... Rd7 37. Kf3 Bf6 (37... h5 $5 $16) 38. Ke4 $18 38... Rd4+ 39. Ke3 Rd5 40.
Rxd3 Bg5+ 41. Ke4 Rb5 42. Kd4 f5 43. Kc4 Re5 44. Kd4 $4 (44. Bd6 44... Re1 $18)
44... Re4+ $4 (44... Rb5 45. Rf3 fxg4 46. hxg4 46... Rb7 $18) 45. Kd5 $18 45...
Rf4 46. gxf5 (46. Bd2 Rf1 47. Bxg5 hxg5 48. gxf5 Rxf5+ 49. Ke6 49... Ra5 $18)
46... Rxf5+ 47. Kc6 Rf1 48. a4 Rc1+ 49. Kb5 Rb1 50. Kc4 (50. a5 Be7 51. Rd4
51... Bf6 $18) 50... Kf7 51. a5 Ke6 (51... Be7 52. Bc3 $18) 52. a6 Rc1+ 53. Kb5
Rc8 54. a7 Bh4 55. Bc5 Bd8 56. Rd6+ Ke5 57. Rc6 Ra8 58. Bd6+ Kd5 59. Bb8 Bg5
60. Rd6+ Ke4 61. Kc6 Bf4 62. Rd8 Kf3 63. Kb7 Rxa7+ 64. Kxa7 Be3+ 65. Kb7 Kg2
66. Rd3 (66. Rd3 Bg5 67. Kc6 $18) 1-0

[Event "Bad Woerishofen op"]
[Site "Bad Woerishofen"]
[Date "2001.??.??"]
[Round "5"]
[White "Weber, Ludwig"]
[Black "Huhn, Ulrich"]
[Result "0-1"]
[WhiteElo "1630"]
[BlackElo "2048"]
[Annotator "ChessOrg"]
[PlyCount "146"]
[EventDate "1998.03.05"]
[Source "ChessBase"]
[SourceDate "1998.04.29"]

1. e4 {B01: Skandinavische Verteidigung} 1... d5 2. e5 Bf5 3. Bb5+ {
letzter Buchzug} 3... c6 4. Ba4 e6 5. c3 (5. d4 Be4 6. f3 6... Bg6 $11) 5...
Nd7 (5... Qg5 $5 6. Nf3 6... Qxg2 $15) 6. d4 $11 6... Be7 7. Nd2 h6 8. Nf1 Bg5
(8... b5 9. Bb3 $11) 9. Ne3 (9. Bxg5 hxg5 10. Ne3 f6 11. Nxf5 11... exf5 $14)
9... Bxe3 10. Bxe3 (10. fxe3 $143 10... Qh4+ 11. g3 11... Qe4 $15) 10... Ne7
11. Ne2 O-O 12. Bc2 (12. O-O f6 13. exf6 13... Rxf6 $14) 12... Bxc2 $11 13.
Qxc2 a5 14. g4 Kh8 (14... Ng6 15. h3 $11) 15. Nf4 (15. g5 15... h5 $14) 15...
g6 (15... c5 $5 $11) 16. h4 Kg7 17. f3 Rh8 18. Kf2 Nf8 19. Ne2 Ng8 20. g5 (20.
h5 $5 $16 $142) 20... h5 $11 21. a3 Ne7 22. Ng3 Nd7 23. b4 (23. Kg2 23... a4
$11) 23... axb4 24. cxb4 Nb6 25. Rhd1 Nc4 26. Bc1 Qb6 27. Qc3 (27. Kg2 $5 $15)
27... Nxe5 $19 28. Kg2 Nc4 29. Bf4 Ra7 30. a4 Rha8 31. a5 Qd8 32. Ra2 Nf5 (
32... b6 33. Rda1 $17) 33. Nxf5+ gxf5 34. Be5+ Nxe5 35. dxe5 Qd7 36. Rad2 Rc8
37. Qc5 Raa8 38. Ra1 Qd8 39. Rda2 Ra6 40. f4 Qf8 41. Qc3 Raa8 42. Kf3 (42. Rc1
$15) 42... Ra6 (42... c5 43. b5 $17) 43. Rc2 (43. Kg2 43... Rb8 $15) 43... Raa8
(43... b6 44. b5 d4 45. Qc4 Rxa5 46. Rxa5 bxa5 47. Qc5 Qxc5 48. Rxc5 $17) 44.
Ke3 (44. Rca2 $5 $11) 44... Qe7 (44... b6 45. a6 $17) 45. Kd4 (45. Qd4 45...
Ra6 $15) 45... Kf8 46. Qc5 Qxc5+ 47. Kxc5 Ke7 48. Kb6 Kd7 49. Rca2 (49. Kc5 b6+
50. Kd4 50... Ra6 $15) 49... Rcb8 50. Kc5 Ra6 51. Kd4 Rba8 52. Rc2 b6 53. Rac1
(53. Ra4 bxa5 54. Rca2 54... Rb8 $17) 53... bxa5 $19 54. bxa5 Rb8 55. Ra1 Rb4+
56. Ke3 Rb5 57. Rca2 c5 58. Ra4 Rb3+ 59. Kf2 c4 (59... Rh3 60. Rb1 Kc6 61. Ke2
$19) 60. R4a3 Rxa3 61. Rxa3 Kc6 62. Ra1 d4 63. Rb1 $2 (63. Ke1 63... Kd5 $19)
63... Kd5 (63... Rxa5 64. Rb4 Kd5 65. Ke2 $19) 64. Rb7 $2 (64. Ra1 Ke4 65. Ra4
65... Kd3 $19) 64... Rxa5 (64... c3 $5 65. Ke2 Ke4 66. Kf2 $19) 65. Rxf7 Ke4
66. g6 Ra2+ 67. Kg3 Ra3+ 68. Kg2 Ra8 (68... Kxf4 $142 69. g7 Rg3+ 70. Kf2 70...
Rg4 $19) 69. Re7 (69. g7 Rg8 70. Rd7 $19) 69... c3 (69... d3 $142 70. g7 d2 71.
Rd7 $19) 70. Rxe6 (70. Rc7 $19) 70... c2 71. Rc6 d3 72. Kf2 (72. Rc4+ Kd5 73.
Rc7 $19) 72... d2 73. Rxc2 d1=Q (73... d1=Q 74. Re2+ Kxf4 75. e6 Ra1 76. Re4+
fxe4 77. Kg2 Qf3+ 78. Kh2 Qg3#) 0-1

[Event "Bad Woerishofen op"]
[Site "Bad Woerishofen"]
[Date "2001.??.??"]
[Round "7"]
[White "Weber, Ludwig"]
[Black "Hamlack, Heinz"]
[Result "0-1"]
[WhiteElo "1630"]
[BlackElo "1916"]
[Annotator "ChessOrg"]
[PlyCount "80"]
[EventDate "1998.03.05"]
[Source "ChessBase"]
[SourceDate "1998.04.29"]

1. e4 {C00: Franzoesische Verteidigung (Seltene Zuege)} 1... e6 2. c3 d5 3. e5
c5 4. Bd3 {letzter Buchzug} 4... Qg5 5. Bf1 (5. Nf3 Qxg2 6. Rg1 6... Qh3 $15)
5... Qxe5+ $17 6. Qe2 Qxe2+ 7. Bxe2 Nc6 8. Bb5 Bd7 9. d3 a6 10. Ba4 b5 11. Bd1
e5 12. Bf3 Nge7 13. Ne2 (13. Nd2 13... Be6 $17) 13... f5 (13... Bf5 14. a4 Bxd3
15. axb5 Bxb5 16. Bg5 $19) 14. g3 e4 15. dxe4 Ne5 16. Bg2 Nd3+ 17. Kf1 fxe4 18.
Bd2 (18. f3 $142 18... exf3 19. Bxf3 $17) 18... Nxb2 19. Nf4 Nc4 20. Bc1 g5 (
20... g6 $5 21. Na3 Bg7 22. Nxc4 bxc4 23. Be3 Bxc3 24. Rd1 $19) 21. Nh5 h6 22.
Na3 Ne5 23. Nf6+ Kf7 24. Nxd7 Nxd7 25. Bd2 (25. f3 exf3 26. Bxf3 26... Bg7 $19)
25... Bg7 26. Rc1 (26. f3 b4 27. fxe4 bxa3 28. exd5 28... Nb6 $19) 26... Rhf8
27. Nb1 Ne5 28. Rc2 Kg8 29. Be3 Nd3 30. Bh3 (30. Rd2 30... Rac8 $19) 30... d4
31. Bc1 Nxc1 (31... e3 32. Kg2 Nxf2 33. Be6+ Kh8 34. Rf1 $19) 32. Rxc1 e3 33.
Ke2 (33. cxd4 Rxf2+ 34. Ke1 34... cxd4 $19) 33... Rxf2+ 34. Kd3 Nc6 35. cxd4 (
35. Be6+ Kh8 36. Rhf1 dxc3 37. Nxc3 Nb4+ 38. Kxe3 Bd4+ 39. Ke4 Rxf1 40. Rxf1
$19) 35... Nb4+ 36. Kc3 Bxd4+ 37. Kb3 Rb2+ 38. Ka3 Rxa2+ 39. Kb3 a5 40. Nc3 (
40. Be6+ Kg7 41. Nc3 a4+ 42. Nxa4 R8xa4 43. Rxc5 R2a3#) 40... c4# 0-1

[Event "Bad Woerishofen op"]
[Site "Bad Woerishofen"]
[Date "2001.??.??"]
[Round "9"]
[White "Weber, Ludwig"]
[Black "Schwarz, Werner"]
[Result "0-1"]
[WhiteElo "1630"]
[BlackElo "1864"]
[Annotator "ChessOrg"]
[PlyCount "152"]
[EventDate "1998.03.05"]
[Source "ChessBase"]
[SourceDate "1998.04.29"]

1. e4 {B10: Caro-Kann-Verteidigung} 1... c6 2. c3 {letzter Buchzug} 2... d5 3.
e5 Bf5 4. d3 Nd7 5. f4 e6 6. Nf3 Bc5 7. Nbd2 Ne7 8. Nh4 h6 9. Nxf5 (9. d4 9...
Bb6 $11) 9... Nxf5 10. Nf3 Bb6 11. Qe2 Qc7 12. Bd2 O-O-O (12... Ne7 13. O-O-O
$11) 13. g4 $14 13... Ne7 14. O-O-O Ng6 15. h4 Rhe8 16. h5 Ne7 17. Bh3 c5 18.
g5 hxg5 19. Nxg5 Rf8 20. Rh2 20... Nf5 $2 (20... Qc6 21. Rg1 $14) 21. Kb1 (21.
Bxf5 $5 $142 21... exf5 22. e6 fxe6 23. Nxe6 $18) 21... Rde8 $16 22. Qg2 22...
f6 $2 (22... Nh6 $14 $142) 23. Nxe6 $3 $18 23... Rxe6 24. Bxf5 Re7 (24... Qc6
25. Bxe6 Qxe6 26. Qg6 $18) 25. e6 Nb8 26. Bg6 (26. Qxg7 Qd8 (26... Rxg7 $4 27.
e7+ Nd7 28. exf8=Q+ (28. exf8=B $6 28... Rf7 29. Bh6 29... Re7 $16) 28... Qd8
29. Qxg7 $18) 27. h6 27... Kc7 $18) 26... Qc6 (26... Qd6 $18) 27. Bf7 Rfxf7 (
27... Kd8 $18) 28. exf7 Rxf7 29. h6 gxh6 (29... Qb5 30. hxg7 Qxd3+ 31. Ka1 Rxg7
32. Qxg7 32... Nd7 $18) 30. Rxh6 (30. Qg8+ $142 30... Bd8 31. Qxf7 $18) 30...
Nd7 (30... Bd8 31. Rdh1 $18) 31. Re1 Kc7 (31... Rf8 32. c4 $18) 32. Qg4 (32. f5
32... Rf8 $18) 32... Nf8 (32... Qd6 33. f5 Qf8 34. Bf4+ Kc8 35. Qh5 $18) 33.
Reh1 (33. f5 33... Kc8 $18) 33... Qd7 34. f5 Kc6 35. Rh8 Bc7 36. R1h6 Qe7 (
36... Be5 $18) 37. Rh1 (37. Qa4+ $142 37... Kb6 38. c4 $18) 37... Rg7 $4 (37...
Qd7 38. Bh6 Nh7 39. Qa4+ Kb6 40. Qxd7 40... Rxd7 $18) 38. Qa4+ $18 38... Kb6
39. Re1 (39. c4 a6 40. Ba5+ Ka7 41. Bxc7 Qxc7 42. Rxf8 42... Qg3 $18) 39... Qf7
(39... Qd7 40. Qb3+ Kc6 41. Rxf8 Qxf5 42. Qa4+ b5 43. Qa6+ Bb6 44. Bf4 $18) 40.
Rh3 (40. b4 Bd6 41. Bf4 Bxf4 42. Qa5+ Kc6 43. Qxc5+ Kd7 44. Rxf8 Qxf8 45. Qxf8
$18) 40... a6 41. Qe8 (41. d4 41... Bd6 $18) 41... Qg8 (41... Qxe8 42. Rxe8 Nd7
43. Re6+ Ka7 44. Kc2 $18) 42. Kc2 (42. Bh6 $5 42... Rg1 43. Rhe3 43... Bd6 $18)
42... Be5 (42... Rg2 43. Rhe3 Bf4 44. R3e2 Bxd2 45. Rxg2 Qxg2 46. Re2 $18) 43.
b4 (43. d4 $5 43... cxd4 44. cxd4 Bxd4 45. Qd8+ 45... Kc6 $18) 43... cxb4 44.
Rb1 (44. Qd8+ Ka7 45. Be3+ d4 46. Bxd4+ Bxd4 47. Qxd4+ 47... b6 $18) 44... Rc7
45. Rxb4+ Ka7 46. Rbh4 (46. Rb3 d4 47. c4 47... Qg2 $18) 46... d4 $2 (46...
Bxc3 $142 47. Bxc3 47... d4 $14) 47. c4 $18 47... Rxc4+ $4 (47... Qg7 $18) 48.
dxc4 Qxc4+ 49. Kb1 (49. Kd1 $142 49... Qf1+ 50. Be1 $18) 49... Qf1+ 50. Bc1
Qxf5+ 51. Kb2 Ne6 52. Qe7 Nc7 (52... d3+ 53. Ka3 Bd4 54. Rh5 $18) 53. Qc5+ (53.
Rh7 $5 $142 53... d3+ 54. Kb3 54... Bd4 $18) 53... b6 54. Qc4 $4 (54. Qc6 $142
54... d3+ 55. Kb3 $18) 54... d3+ $14 55. Kb1 d2+ 56. Qc2 dxc1=Q+ 57. Kxc1 Bf4+
(57... Qf1+ $5 $142 58. Qd1 Bf4+ 59. Kc2 Qc4+ 60. Kb1 Qb4+ 61. Rb3 Qe4+ 62. Rd3
Nb5 63. Rxf4 Qxf4 64. Rd7+ 64... Nc7 $11) 58. Kd1 $16 58... Qd7+ (58... Qg5 $5
59. Qf2 Qd5+ 60. Ke1 Qe4+ 61. Kf1 61... Nd5 $16) 59. Rd3 $18 59... Qf5 60. Rf3
Qd5+ (60... Qd7+ $5 61. Ke1 Qe6+ 62. Kf1 62... Be5 $18) 61. Qd3 $18 61... Qxd3+
62. Rxd3 Be5 63. Rh7 Kb7 64. Rf3 b5 65. Rb3 Kb6 66. Rf3 (66. Rd3 66... b4 $18)
66... Nd5 (66... Kb7 67. Rd3 $18) 67. Rg7 (67. Kd2 $5 $18 $142) 67... Nc3+ $11
68. Kc2 Nxa2 69. Kb3 Nc1+ 70. Kc2 Ne2 71. Rh3 Nf4 72. Rhh7 Nd5 73. Rb7+ Ka5 (
73... Kc6 74. Rbd7 $11) 74. Kb3 Nb4 75. Rh1 Nd3 76. Rh4 $4 (76. Kc2 $142 76...
Nc5 77. Re7 $11) 76... Nc5+ $19 (76... Nc5+ 77. Kc2 77... Nxb7 $19) 0-1

[Event "Bad Woerishofen op"]
[Site "?"]
[Date "2001.??.??"]
[Round "1"]
[White "Wendel, Stephan"]
[Black "Diete, Guenter"]
[Result "1-0"]
[WhiteElo "2217"]
[BlackElo "1820"]
[Annotator "ChessOrg"]
[PlyCount "45"]
[EventDate "2000.??.??"]

1. e4 {C16: Franzoesische Verteidigung (Nimzowitsch-Variante)} 1... e6 2. d4 d5
3. Nc3 Bb4 4. e5 4... Bxc3+ {letzter Buchzug} 5. bxc3 Ne7 6. Qg4 Ng6 7. Nf3 c5
(7... b6 8. c4 $11) 8. h4 (8. dxc5 8... Qc7 $14) 8... h5 9. Qg3 Nd7 (9... Qa5
10. Bd2 c4 11. Ng5 $15) 10. Bd3 $14 10... Ndf8 11. dxc5 Qa5 12. O-O Bd7 (12...
Qxc5 13. Nd4 a6 14. Bb2 $11) 13. Be3 Bc6 14. Nd4 Bd7 (14... Qxc3 $5 15. Rab1
15... Rc8 $16 (15... Qxc5 16. Nxc6 d4 17. Nxd4 Qxe5 18. Rxb7 Qxg3 19. Bb5+ Nd7
20. Bxd7+ Kf8 21. fxg3 $18)) 15. Rab1 Qc7 16. f4 a6 17. Rb6 Bc6 (17... Bc8 18.
Rfb1 $18) 18. Nxc6 bxc6 19. Rfb1 (19. Rxa6 $143 19... Rxa6 20. Bxa6 20... Qa5
$18) (19. Bxa6 $6 19... Nd7 20. Bd3 Nxb6 21. cxb6 Qe7 22. Bxg6 fxg6 23. Qxg6+
23... Kd7 $18) 19... Nd7 (19... Qd8 $18) 20. Rb7 Qd8 (20... Qa5 21. Bxg6 Rf8
22. Qg5 $18) 21. Bxg6 fxg6 (21... Rb8 22. f5 Rxb7 23. Rxb7 $18) 22. Qxg6+ Kf8
23. Qxe6 (23. Qxe6 Rh6 24. Qxd7 (24. Rxd7 $6 24... Rxe6 25. Rxd8+ 25... Rxd8
$16) 24... Qxd7 25. Rxd7 $18) 1-0

[Event "Bad Woerishofen op"]
[Site "Bad Woerishofen"]
[Date "2001.??.??"]
[Round "3"]
[White "Wendel, Stephan"]
[Black "Saenger, Thomas"]
[Result "1/2-1/2"]
[WhiteElo "2217"]
[BlackElo "1997"]
[Annotator "ChessOrg"]
[PlyCount "33"]
[EventDate "1998.03.05"]
[Source "ChessBase"]
[SourceDate "1998.04.29"]

1. e4 {B32: Sizilianisch (Loewenthal-Variante)} 1... c5 2. Nf3 Nc6 3. d4 cxd4
4. Nxd4 e5 5. Nb5 d6 6. a4 a6 7. N5c3 Be6 8. Na3 Be7 9. Nc4 {letzter Buchzug}
9... Nd4 (9... Nf6 $5 $11) 10. a5 Bxc4 (10... Rc8 11. Nb6 Rc5 12. Be3 $14) 11.
Bxc4 Rc8 12. Bd5 Qd7 13. Be3 Bf6 14. Bb3 (14. O-O $5 $14) 14... Nxb3 $11 15.
cxb3 Ne7 16. O-O O-O 17. f3 1/2-1/2

[Event "Bad Woerishofen op"]
[Site "Bad Woerishofen"]
[Date "2001.??.??"]
[Round "5"]
[White "Wendel, Stephan"]
[Black "Camilleri, Stephen"]
[Result "1/2-1/2"]
[WhiteElo "2217"]
[BlackElo "2084"]
[Annotator "ChessOrg"]
[PlyCount "65"]
[EventDate "1998.03.05"]
[Source "ChessBase"]
[SourceDate "1998.04.29"]

1. e4 {A08: Koenigsindisch im Anzug} 1... c5 2. Nf3 e6 3. d3 d5 4. Nbd2 Nc6 5.
g3 Nf6 6. Bg2 Be7 7. O-O O-O 8. Re1 Qc7 9. e5 Nd7 10. Qe2 b5 11. Nf1 11... Bb7
{letzter Buchzug} 12. h4 Rac8 13. c3 b4 14. Bg5 bxc3 15. bxc3 Ba6 16. N1h2 Qa5
17. Rac1 (17. Bxe7 Nxe7 18. Rac1 18... Rb8 $11) 17... h6 (17... Bxg5 18. hxg5
Rb8 19. Ng4 $17) 18. Bxe7 $11 18... Nxe7 19. h5 Kh8 20. g4 Qd8 21. Bh3 Ng8 22.
Qd2 d4 (22... Rb8 23. Bg2 $11) 23. c4 (23. cxd4 $5 23... cxd4 24. Rxc8 Bxc8 25.
Qb4 $14) 23... Bb7 24. Bg2 Re8 (24... Rb8 25. Rb1 $11) 25. Qf4 (25. Ng5 Qxg5
26. Qxg5 hxg5 27. Bxb7 27... Rc7 $11) 25... Qe7 $11 26. Nf1 Nf8 27. Ng3 Nh7 28.
Ne4 Bxe4 29. Qxe4 Ng5 30. Nxg5 Qxg5 31. Rb1 Rb8 32. Qe2 f6 33. exf6 1/2-1/2

[Event "Bad Woerishofen op"]
[Site "Bad Woerishofen"]
[Date "2001.??.??"]
[Round "7"]
[White "Wendel, Stephan"]
[Black "Heika, Martin"]
[Result "0-1"]
[WhiteElo "2217"]
[BlackElo "2325"]
[Annotator "ChessOrg"]
[PlyCount "92"]
[EventDate "1998.03.05"]
[Source "ChessBase"]
[SourceDate "1998.04.29"]

1. e4 {C17: Franzoesische Verteidigung (Nimzowitsch-Variante)} 1... e6 2. d4 d5
3. Nc3 Bb4 4. e5 c5 5. a3 Ba5 6. b4 cxd4 7. Nb5 Bc7 8. f4 Nh6 9. Nf3 Bd7 10.
Nxc7+ Qxc7 11. Bb2 11... Nc6 {letzter Buchzug} 12. Bd3 a5 13. b5 Ne7 14. a4
Nef5 15. Qd2 (15. Bxd4 $2 15... Nxd4 16. O-O Nxf3+ 17. Qxf3 17... O-O $19)
15... O-O (15... Ne3 16. Nxd4 Nc4 17. Bxc4 Qxc4 18. Qd3 $11) 16. Rg1 (16. Nxd4
Nxd4 17. Bxd4 17... Nf5 $14) 16... Rfc8 17. g4 Ne3 18. Nxd4 Nc4 (18... Nhxg4 $2
19. h3 $18) 19. Bxc4 Qxc4 20. h3 Qb4 21. Qxb4 axb4 22. Kd2 (22. a5 Ra7 23. a6
23... Kf8 $16) 22... Kf8 (22... Ra7 23. Ra2 $14) 23. c3 f6 (23... b3 24. a5 $14
) 24. Rge1 (24. cxb4 $5 24... fxe5 25. fxe5 $16) 24... fxe5 $14 25. Rxe5 Nf7
26. Re2 Nd6 (26... bxc3+ $5 27. Bxc3 27... Rc4 $11) 27. cxb4 $14 (27. Nxe6+
$143 27... Bxe6 28. Rxe6 bxc3+ 29. Bxc3 Ne4+ 30. Rxe4 30... dxe4 $15) 27... Kf7
28. Kd3 Rc4 29. Bc3 (29. Rae1 Rxa4 30. f5 Ke7 31. Nxe6 31... Re4 $14) 29...
Rac8 (29... Nxb5 30. axb5 Rxc3+ 31. Kxc3 Rxa1 32. Rc2 $15) 30. Bd2 (30. Rc2 $5
$16) 30... Ne4 $11 31. Rxe4 (31. Ra3 Nxd2 32. Rxd2 32... Rxb4 $15) 31... dxe4+
32. Kxe4 Rd8 33. Ke3 e5 34. fxe5 Bxg4 35. Nb3 (35. hxg4 Rcxd4) 35... Bf5 $17
36. Nc5 b6 37. Nb7 $4 (37. Rf1 g6 (37... bxc5 $6 38. Rxf5+ Ke6 39. Rg5 $17) 38.
Rc1 Rxc1 39. Bxc1 bxc5 40. bxc5 40... Ke6 $19) 37... Rd3+ (37... Re4+ $142 38.
Kf3 Rd3+ 39. Be3 Rexe3+ 40. Kf2 40... Rxe5 $19) 38. Ke2 Rc2 39. Rd1 Bg6 (39...
Ke6 40. Nd6 Bg6 41. Ne8 $19) 40. Nd6+ $2 (40. a5 $142 40... Rxh3 41. Rf1+ Kg8
42. Rf3 Rh2+ 43. Rf2 Rxf2+ 44. Kxf2 Rxd2+ 45. Kg3 bxa5 46. bxa5 $19) 40... Ke6
41. a5 (41. Ne8 Rd7 42. Nd6 Bh5+ 43. Ke1 Kxe5 44. Nc4+ Rxc4 45. Bc3+ Ke6 (45...
Rxc3 $6 46. Rxd7 Re3+ 47. Kd2 Rxh3 48. a5 $19) 46. Rxd7 46... Kxd7 $19 (46...
Rxc3 $6 47. Rxg7 Re3+ 48. Kd2 Re2+ 49. Kc1 $17)) 41... Kxe5 (41... Rxh3 42. Kf2
Bh5 43. Ne4 Rh2+ 44. Kg3 Bxd1 45. Kxh2 Kxe5 46. Kg3 Kxe4 47. Be1 $19) 42. Nb7 (
42. Ne8 Rxh3 43. Re1 Kd5 (43... Bxe8 44. Kd1+ Kd4 45. Kxc2 Bxb5 46. axb6 Ba4+
47. Kc1 $11) 44. Nxg7 Rh2+ 45. Kf3 45... Rhxd2 $19) 42... Rd7 (42... Rxh3 $143
43. Kf2 Bh5 44. Re1+ Kd4 45. Kg2 $19) 43. Ke1 Rxb7 44. a6 (44. Be3 bxa5 45.
bxa5 45... Rh2 $19 (45... Rxb5 $143 46. a6 $19)) 44... Rf7 45. Be3 (45. a7 Rxa7
46. Rc1 Rxc1+ 47. Bxc1 47... Ra1 $19) 45... Bh5 46. Bd4+ (46. Bd2 Kd4 47. Ra1
$19) 46... Ke4 (46... Ke4 47. Bf6 Rxf6 48. Rd4+ Kxd4 49. a7 Re2+ 50. Kd1 Rf1#)
0-1

[Event "Bad Woerishofen op"]
[Site "Bad Woerishofen"]
[Date "2001.??.??"]
[Round "9"]
[White "Wendel, Stephan"]
[Black "Huhn, Ulrich"]
[Result "1-0"]
[WhiteElo "2217"]
[BlackElo "2048"]
[Annotator "ChessOrg"]
[PlyCount "45"]
[EventDate "1998.03.05"]
[Source "ChessBase"]
[SourceDate "1998.04.29"]

1. e4 {B01: Skandinavische Verteidigung} 1... d5 2. exd5 Nf6 3. d4 Nxd5 4. Nf3
Bg4 5. h3 Bh5 6. c4 6... Nf6 {letzter Buchzug} 7. Nc3 c6 8. g4 Bg6 9. Ne5 Nbd7
10. Nxg6 hxg6 11. Bg2 e6 12. Bf4 Nb6 13. Qd3 a5 14. O-O Be7 15. Rfe1 Kf8 16.
Rad1 Qd7 17. b3 Rd8 18. Qe3 18... Na8 $2 (18... Bb4 $5 $14 $142) 19. d5 $18
19... exd5 $2 (19... cxd5 20. cxd5 exd5 21. Nxd5 Qe6 22. Nxe7 Qxe3 23. Nxg6+
fxg6 24. Rxd8+ Kf7 25. Rd7+ Nxd7 26. Bd5+ Qe6 27. Bxe6+ Ke7 28. Bd5+ Kd8 29.
Bxb7 29... Nab6 $18) 20. cxd5 Nxd5 21. Nxd5 cxd5 (21... Ba3 22. Qc3 Bb4 23.
Nxb4 Qxd1 24. Rxd1 Rxd1+ 25. Kh2 axb4 26. Qxb4+ Kg8 27. Qxb7 $18) 22. Rxd5 (22.
Bxd5 Bb4 23. Bxb7 Qxd1 24. Rxd1 Rxd1+ 25. Kg2 25... Re1 $18) 22... Qe6 23. Re5
(23. Re5 Nc7 24. Rxe6 Nxe6 25. Bc7 $18) (23. Qxe6 $6 23... fxe6 24. Rxe6 g5 25.
Rxd8+ Bxd8 26. Bd6+ 26... Kf7 $18) 1-0